000 00649nam a2200181Ia 4500
003 GCL
008 140319s9999 xx 000 0 ara d
040 _aGCL /
_cGCL
082 0 4 _a956.6
_bخ ا
100 1 _aخالد عابد
245 1 0 _aالاستعمار الاستيطانى للمناطق العربية المحتلة خلال عهد الليكود (1977) - (1984) /
_cخالد عابد
260 _a[S.N] :
_bمؤسسة الدراسات الفلسطينية ،
_c1984
300 _a310 ص
490 _aسلسلة الدراسات
_v0
650 0 4 _aالقضية الفلسطينية
650 0 4 _aالانتفاضة
942 _2ddc
_cBK
999 _c54106
_d54106